000 00720cam a22002292i 4500
001 35681
003 BD-RjUL
005 20211209052349.0
008 140529s1956 enk 000 0 eng d
035 _a(BD-RjUL)35776
040 _aNJR
_cNJR
_dNRC
_dBD-RjUL
_beng
041 _aeng
082 0 4 _a330.9095
_bZID 1963
100 1 _aZinkin, Maurice.
_9108633
245 1 0 _aDevelopment for free Asia /
_cby Maurice Zinkin.
260 _aLondon :
_bChatto & Windus,
_c1956 [Printed 1963]
300 _aviii, 263 p. ;
_c23 cm.
500 _a"Issued under the auspices of the Institute of Pacific Relations."
651 0 _aAsia
_xSocial conditions.
_9108634
651 0 _aAsia
_xEconomic conditions.
_9108635
942 _2ddc
_cBK
999 _c35681
_d35681